| 000 | 01384nam0a22003131 4500 | ||
|---|---|---|---|
| 001 | v19\rc\1590636 | ||
| 005 | 20210407154406.0 | ||
| 035 | _a(NLR Aleph) 004715298 | ||
| 090 |
_a4256946 _c4256946 |
||
| 100 | _a20061002e18941894|||y0rusy50 ca | ||
| 101 | 0 | _arus | |
| 102 | _aRU | ||
| 105 | _ay z ||||| | ||
| 200 | 1 |
_aК учению о посмертной температуре и сущности лихорадки у детей _eСообщ. на 5 Пирогов. съезде _f[Соч.] Прив.-доц. В.Ф. Якубовича, ассист. Дет. клиники Воен.-мед. акад. |
|
| 210 |
_aМосква _cт-во тип. А.И. Мамонтова _dценз. 1894 |
||
| 215 |
_a20 с. _d26 |
||
| 309 | _aБез тит. л. и обл. | ||
| 311 | _aИз журн. "Мед. обозрение". № 3, 1894 | ||
| 488 | 0 | _12001#$aМедицинское обозрение$v1894, № 3 | |
| 700 | 1 |
_aЯкубович _bВ. Ф. _f1857- _gВасилий Филиппович |
|
| 711 | 0 | 2 |
_aОбщество русских врачей в память Н. И. Пирогова _bСъезд _d5 _f1893-1894 _eПетербург _3RU\NLR\AUTH\8810092736 |
| 801 | 0 |
_aRU _bNLR _gpsbo |
|
| 801 | 0 |
_aRU _bRuMoRGB _2psbo |
|
| 801 | 1 |
_aRU _bProSoft-M _2rusmarc |
|
| 852 |
_aNLR _j18.234.1.302 |
||
| 899 |
_aRuMoRGB _jA 218/28 |
||
| 942 | _cBOOK | ||
| 980 | _aNB | ||